All Current U.S. Senators - Statistics

General Stats
  • This quiz has been taken 169 times
    95 since last reset
  • The average score is 57 of 100
Answer Stats
State Party Senator % Correct
Vermont Democrat Bernie Sanders
94%
Arizona Democrat Mark Kelly
89%
New York Democrat Chuck Schumer
87%
Alaska Republican Lisa Murkowski
87%
Maine Democrat Angus King
83%
Georgia Democrat Raphael Warnock
83%
Florida Republican Rick Scott
83%
Arizona Democrat Ruben Gallego
83%
Maine Republican Susan Collins
83%
South Carolina Republican Tim Scott
83%
Massachusetts Democrat Elizabeth Warren
81%
Georgia Democrat Jon Ossoff
81%
Texas Republican Ted Cruz
81%
Mississippi Republican Cindy Hyde-Smith
79%
Kentucky Republican Mitch McConnell
79%
Pennsylvania Democrat John Fetterman
77%
California Democrat Alex Padilla
74%
Colorado Democrat John Hickenlooper
74%
New York Democrat Kirsten Gillibrand
74%
Kentucky Republican Rand Paul
74%
Minnesota Democrat Tina Smith
74%
Arkansas Republican Tom Cotton
74%
California Democrat Adam Schiff
72%
Alabama Republican Tommy Tuberville
72%
Connecticut Democrat Chris Murphy
70%
Wisconsin Republican Ron Johnson
70%
Minnesota Democrat Amy Klobuchar
68%
New Jersey Democrat Cory Booker
68%
Texas Republican John Cornyn
68%
Virginia Democrat Tim Kaine
68%
Delaware Democrat Chris Coons
66%
Alaska Republican Dan Sullivan
66%
Michigan Democrat Gary Peters
66%
Louisiana Republican John Kennedy
66%
Missouri Republican Josh Hawley
66%
Hawaii Democrat Brian Schatz
64%
Michigan Democrat Elissa Slotkin
64%
Alabama Republican Katie Britt
64%
South Carolina Republican Lindsey Graham
64%
Illinois Democrat Tammy Duckworth
64%
New Jersey Democrat Andy Kim
62%
Hawaii Democrat Mazie Hirono
62%
Utah Republican Mike Lee
62%
Iowa Republican Joni Ernst
60%
West Virginia Republican Jim Justice
60%
Colorado Democrat Michael Bennet
60%
Wisconsin Democrat Tammy Baldwin
60%
Maryland Democrat Chris Van Hollen
57%
Iowa Republican Chuck Grassley
57%
Massachusetts Democrat Ed Markey
57%
South Dakota Republican John Thune
57%
Tennessee Republican Marsha Blackburn
55%
Vermont Democrat Bill Welch
53%
Pennsylvania Democrat Dave McCormick
53%
Oklahoma Republican Markwayne Mullin
53%
Connecticut Democrat Richard Blumenthal
53%
New Hampshire Democrat Jeanne Shaheen
51%
West Virginia Republican Shelley Moore Capito
51%
Maryland Democrat Angela Alsobrooks
49%
New Mexico Democrat Ben Ray Lujan
49%
Ohio Republican Bernie Moreno
49%
Missouri Republican Eric Schmitt
49%
Nevada Democrat Jackie Rosen
49%
Virginia Democrat Mark Warner
49%
Florida Republican Ashley Moody
47%
Nevada Democrat Catherine Cortez Masto
47%
Delaware Democrat Lisa Blunt Rochester
47%
Idaho Republican Mike Crapo
47%
Rhode Island Democrat Sheldon Whitehouse
47%
Louisiana Republican Bill Cassidy
45%
Montana Republican Steve Daines
45%
Oregon Democrat Ron Wyden
45%
Nebraska Republican Deb Fischer
43%
Oregon Democrat Jeff Merkley
43%
Arkansas Republican John Boozman
43%
Rhode Island Democrat Jack Reed
40%
Wyoming Republican John Barasso
40%
Ohio Republican Jon Husted
40%
New Hampshire Democrat Maggie Hassan
40%
Washington Democrat Patty Murray
40%
Kansas Republican Roger Marshall
40%
Montana Republican Tim Sheehy
40%
Indiana Republican Todd Young
40%
Idaho Republican Jim Risch
38%
Mississippi Republican Roger Wicker
38%
North Carolina Republican Ted Budd
38%
Wyoming Republican Cynthia Lummis
36%
Tennessee Republican Bill Hagerty
34%
Utah Republican John Curtis
34%
Washington Democrat Maria Cantwell
34%
New Mexico Democrat Martin Heinrich
34%
Oklahoma Republican James Lankford
32%
North Dakota Republican John Hoeven
32%
Illinois Democrat Dick Durban
30%
Kansas Republican Jerry Moran
30%
South Dakota Republican Mike Rounds
30%
North Carolina Republican Thom Tills
30%
Indiana Republican Jim Banks
28%
North Dakota Republican Kevin Cramer
28%
Nebraska Republican Pete Rickets
28%
No matching quizzes found
Score Distribution
Percent of People with Each Score
Percentile by Number Answered
Your Score History
You have not taken this quiz since the last reset